LEADER 01482nas 22004933 450 001 996215848203316 005 20210816213022.0 011 $a2379-3996 035 $a(DE-599)ZDB2265868-3 035 $a(OCoLC)560033529 035 $a(CKB)991042726101792 035 $a(CONSER)--2015201220 035 $a(EXLCZ)99991042726101792 100 $a20100318a19749999 --- a 101 0 $aeng 135 $aurbn||||||abp 135 $aurbn||||||ada 181 $ctxt$2rdacontent 182 $cc$2rdamedia 183 $acr$2rdacarrier 200 00$aReason papers 210 1$aFredonia, N.Y. :$cDeparrtment of Philosophy, State University College at Fredonia,$d1974- 300 $aRefereed/Peer-reviewed 300 $a"A journal of interdisciplinary normative studies." 311 $a0363-1893 531 $aREASON PAP 531 0 $aReason pap. 606 $aSocial sciences$vPeriodicals 606 $aSocial sciences$2fast$3(OCoLC)fst01122877 606 $aEthiek$2gtt 606 $aRedeneren$2gtt 606 $aInterdisciplinair onderzoek$2gtt 608 $aPeriodicals.$2fast 615 0$aSocial sciences 615 7$aSocial sciences. 615 17$aEthiek. 615 17$aRedeneren. 615 17$aInterdisciplinair onderzoek. 676 $a300/.5 712 02$aState University of New York College at Fredonia.$bDepartment of Philosophy. 906 $aJOURNAL 912 $a996215848203316 996 $aReason papers$92177467 997 $aUNISA